[Event "MNT-chT 1st League"]
[Site "Podgorica"]
[Date "2018.09.30"]
[Round "6.5"]
[White "Malisic, Miodrag"]
[Black "Markovic, Slobodan"]
[Result "1-0"]
[WhiteElo "1835"]
[BlackElo "1695"]
[PlyCount "63"]
[EventDate "2018.09.07"]
[EventType "team-tourn"]
[EventRounds "9"]
[EventCountry "MNE"]
[SourceTitle "CBM 187 Extra"]
[Source "ChessBase"]
[SourceDate "2018.11.04"]
[SourceVersion "1"]
[SourceVersionDate "2018.11.04"]
[SourceQuality "1"]
[WhiteTeam "Berane"]
[BlackTeam "Zora"]
[WhiteTeamCountry "MNE"]
[BlackTeamCountry "MNE"]

1. d4 d5 2. c4 c6 3. Nc3 Nf6 4. Bg5 Nbd7 5. e3 e6 6. Nf3 Be7 7. a3 0-0 8. Qc2 h6 9. Bh4 dxc4 10. Bxc4 b6 11. Rd1 Nd5 12. Bg3 Bb7 13. Ba2 Nxc3 14. Qxc3 Nf6 15. 0-0 Ne4 16. Qc2 Nxg3 17. fxg3 Bf6 18. Bb1 g6 19. h4 h5 20. Nd2 Qe7 21. Rf2 Rac8 22. Ne4 Bg7 23. Rdf1 c5 24. d5 Bxd5 25. Nf6+ Bxf6 26. Rxf6 e5 27. Qd1 Rc6 28. Rxg6+ fxg6 29. Qxd5+ Qe6 30. Ba2 Rxf1+ 31. Kxf1 Kf7 32. Qd7+ 1-0

[Event "MNT-ch sf"]
[Site "Podgorica"]
[Date "2018.03.15"]
[Round "1"]
[White "Markovic, Slobodan"]
[Black "Rovcanin, Zeljko"]
[Result "0-1"]
[WhiteElo "1684"]
[BlackElo "2110"]
[PlyCount "60"]
[EventDate "2018.03.15"]
[EventType "swiss"]
[EventRounds "9"]
[EventCountry "MNE"]
[SourceTitle "EXT 2019"]
[Source "ChessBase"]
[SourceDate "2018.10.10"]
[SourceVersion "1"]
[SourceVersionDate "2018.10.10"]
[SourceQuality "1"]

1. e4 g6 2. Nf3 Bg7 3. d4 d6 4. h3 Nf6 5. Bd3 c5 6. c3 cxd4 7. cxd4 0-0 8. 0-0 Nc6 9. Nc3 Nh5 10. Be3 e5 11. d5 Nb4 12. Bb1 Nf4 13. a3 Na6 14. Ne2 Nxe2+ 15. Qxe2 b6 16. b4 Nc7 17. Bd3 f5 18. Rac1 f4 19. Bd2 Rf7 20. Rc6 Ne8 21. Rfc1 Bd7 22. R6c2 Bf8 23. Ba6 Rb8 24. Bd3 g5 25. Nh2 Rg7 26. Ng4 Rg6 27. f3 h5 28. Nh2 b5 29. Qf2 Rb7 30. Be2 Nf6 0-1

[Event "MNT-chT1"]
[Site "Mojkovac"]
[Date "2016.09.24"]
[Round "5.5"]
[White "Markovic, Slobodan"]
[Black "Ratkovic, Milorad"]
[Result "0-1"]
[WhiteElo "1692"]
[BlackElo "2128"]
[PlyCount "78"]
[EventDate "2016.09.09"]
[EventType "team-tourn"]
[EventRounds "9"]
[EventCountry "MNE"]
[SourceTitle "EXT 2017"]
[Source "ChessBase"]
[SourceDate "2016.10.25"]
[SourceVersion "1"]
[SourceVersionDate "2016.10.25"]
[SourceQuality "1"]

1. e4 c5 2. Nf3 e6 3. Nc3 a6 4. a4 Nc6 5. d4 cxd4 6. Nxd4 Qc7 7. Nxc6 bxc6 8. Bc4 Nf6 9. 0-0 d5 10. exd5 cxd5 11. Bd3 Bb7 12. Bg5 h5 13. Bxf6 gxf6 14. Re1 Be7 15. Ne2 Rg8 16. Nd4 0-0-0 17. Qd2 Qb6 18. c3 Rg5 19. Nf3 Rg7 20. a5 Qd6 21. Qe3 Rdg8 22. Bf1 Bd8 23. Red1 Bc7 24. c4 d4 25. Rxd4 Qc6 26. Ra3 Be5 27. Rd2 Qc7 28. g3 Bf4 29. Qe2 Bxd2 30. Nxd2 h4 31. Bg2 Bxg2 32. Kxg2 Rd8 33. c5 Qc6+ 34. f3 hxg3 35. hxg3 Rdg8 36. Ne4 f5 37. Nd6+ Kd7 38. Nxf5 exf5 39. Re3 Kc8 0-1

[Event "Podgorica Zeta CC-ch"]
[Site "Podgorica"]
[Date "2016.01.19"]
[Round "5"]
[White "Mandic, Stefan"]
[Black "Markovic, Slobodan"]
[Result "1-0"]
[WhiteElo "1782"]
[BlackElo "1691"]
[PlyCount "71"]
[EventDate "2016.01.15"]
[EventType "tourn"]
[EventRounds "9"]
[EventCountry "MNE"]
[SourceTitle "CBM 170 Extra"]
[Source "ChessBase"]
[SourceDate "2016.02.25"]
[SourceVersion "1"]
[SourceVersionDate "2016.02.25"]
[SourceQuality "1"]

1. e4 e5 2. Nf3 Nc6 3. Bc4 Bc5 4. c3 Nf6 5. d4 exd4 6. cxd4 Bb4+ 7. Bd2 Bxd2+ 8. Nbxd2 d5 9. exd5 Nxd5 10. 0-0 0-0 11. Rc1 Bg4 12. Qb3 Nb6 13. Qc3 Nd5 14. Qd3 Nce7 15. Ne5 Be6 16. Rfe1 c6 17. Ndf3 Nf5 18. h3 Qd6 19. Qe4 Nf6 20. Qf4 Nd5 21. Qe4 Nf6 22. Qd3 Nd5 23. Qb1 Nfe7 24. Qe4 Rfd8 25. Rcd1 Nf6 26. Qc2 Nfd5 27. a3 Bf5 28. Qc1 f6 29. Nd3 Kf8 30. Nc5 Rab8 31. Nh4 Bc8 32. Qc2 Kg8 33. Nf3 b6 34. Ne4 Qf4 35. Ng3 Kh8 36. Re4 1-0

[Event "Podgorica Zeta CC-ch"]
[Site "Podgorica"]
[Date "2016.01.17"]
[Round "3"]
[White "Tosic, Danilo"]
[Black "Markovic, Slobodan"]
[Result "1-0"]
[WhiteElo "1734"]
[BlackElo "1691"]
[PlyCount "107"]
[EventDate "2016.01.15"]
[EventType "tourn"]
[EventRounds "9"]
[EventCountry "MNE"]
[SourceTitle "CBM 170 Extra"]
[Source "ChessBase"]
[SourceDate "2016.02.25"]
[SourceVersion "1"]
[SourceVersionDate "2016.02.25"]
[SourceQuality "1"]

1. e4 e5 2. Nf3 d6 3. Bc4 Qf6 4. h3 Be6 5. Bxe6 Qxe6 6. 0-0 Nf6 7. Nc3 Be7 8. d4 0-0 9. d5 Qd7 10. Bg5 h6 11. Bh4 Nh7 12. Bxe7 Qxe7 13. Qd3 Nd7 14. Ne2 Nc5 15. Qe3 f5 16. exf5 Rxf5 17. Nfd4 Rf7 18. Nb3 Nxb3 19. axb3 a6 20. f4 Re8 21. Qg3 Nf6 22. Qd3 exf4 23. Nxf4 Qe3+ 24. Qxe3 Rxe3 25. Rf2 Rfe7 26. Rd1 R7e5 27. Rfd2 Rf5 28. Ng6 Rg5 29. Nf4 Re4 30. Ne6 Rf5 31. Nxc7 Ree5 32. c4 Re3 33. Ne6 Rfe5 34. Nd4 Ne4 35. Rd3 Nc5 36. Rxe3 Rxe3 37. b4 Rd3 38. Rxd3 Nxd3 39. Nf5 Nxb2 40. Nxd6 b6 41. c5 bxc5 42. bxc5 Kf8 43. Nb7 Nc4 44. d6 Ne5 45. Kf2 Ke8 46. Ke3 Kd7 47. Ke4 Nc6 48. Kd5 a5 49. Kc4 Kc8 50. Nxa5 Nxa5+ 51. Kb5 Nb7 52. Kb6 Kb8 53. d7 Nd8 54. c6 1-0

[Event "Podgorica"]
[Site "Podgorica"]
[Date "2014.01.23"]
[Round "6"]
[White "Markovic, Slobodan"]
[Black "Stamatovic, Vladimir"]
[Result "1/2-1/2"]
[WhiteElo "1746"]
[BlackElo "1884"]
[PlyCount "130"]
[EventDate "2014.01.18"]
[EventType "tourn"]
[EventRounds "11"]
[EventCountry "MNE"]
[SourceTitle "EXT 2015"]
[Source "ChessBase"]
[SourceDate "2014.11.20"]
[SourceVersion "1"]
[SourceVersionDate "2014.11.20"]
[SourceQuality "1"]

1. d4 Nf6 2. Nf3 e6 3. c4 c5 4. Nc3 cxd4 5. Nxd4 Bc5 6. Bg5 Nc6 7. e3 Qb6 8. Nb3 Be7 9. Qd2 Bb4 10. Bxf6 gxf6 11. a3 Be7 12. Nd4 d6 13. b4 Bd7 14. Ndb5 Ne5 15. Rd1 Bxb5 16. Nxb5 Rd8 17. Be2 Rg8 18. 0-0 a6 19. Nd4 Qc7 20. Rc1 Bf8 21. Qc2 f5 22. Bh5 Ke7 23. f4 Ng4 24. Qe2 Nf6 25. Bf3 Qd7 26. c5 Ne4 27. Bxe4 fxe4 28. c6 Qc8 29. cxb7 Qxb7 30. Nc6+ Ke8 31. Nxd8 Kxd8 32. Qc2 f5 33. Rfd1 Rg7 34. Qc6 Qxc6 35. Rxc6 Ra7 36. Rdc1 Be7 37. Rc8+ Kd7 38. Rh8 a5 39. b5 a4 40. b6 Rb7 41. Rc7+ Rxc7 42. bxc7 Kxc7 43. Ra8 e5 44. g3 d5 45. fxe5 Bxa3 46. Rxa4 Bc5 47. Kf2 h5 48. h4 Kc6 49. Ra6+ Kb5 50. Re6 d4 51. exd4 Bxd4+ 52. Ke2 Kc5 53. Re8 Kd5 54. e6 Bc5 55. e7 Ke6 56. Rc8 Bxe7 57. Rh8 Bd6 58. Kf2 e3+ 59. Kf3 e2 60. Kxe2 Bxg3 61. Rxh5 Kf6 62. Kf3 Be1 63. Rh8 Kg7 64. Rh5 Kg6 65. Rg5+ Kf6 1/2-1/2

[Event "Podgorica"]
[Site "Podgorica"]
[Date "2014.01.20"]
[Round "3"]
[White "Mandic, Stefan"]
[Black "Markovic, Slobodan"]
[Result "1-0"]
[WhiteElo "1704"]
[BlackElo "1746"]
[PlyCount "69"]
[EventDate "2014.01.18"]
[EventType "tourn"]
[EventRounds "11"]
[EventCountry "MNE"]
[SourceTitle "EXT 2015"]
[Source "ChessBase"]
[SourceDate "2014.11.20"]
[SourceVersion "1"]
[SourceVersionDate "2014.11.20"]
[SourceQuality "1"]

1. e4 e6 2. d4 d5 3. Nd2 Nf6 4. exd5 Qxd5 5. Ngf3 c5 6. Bc4 Qh5 7. 0-0 cxd4 8. Nxd4 Qc5 9. Bb5+ Bd7 10. N2b3 Qb6 11. Bxd7+ Nbxd7 12. Be3 Nd5 13. Re1 Qd8 14. c4 N5b6 15. Qe2 Rc8 16. c5 Nd5 17. Rad1 Be7 18. Nf5 0-0 19. Nxe7+ Qxe7 20. Bd4 Rfe8 21. Bxg7 Kxg7 22. Qg4+ Kh8 23. Rxd5 Rg8 24. Qd4+ Nf6 25. Rf5 Rg6 26. Rf3 Rd8 27. Qc3 Kg8 28. Rg3 Nd5 29. Rxg6+ hxg6 30. Qe5 Nb4 31. Qe2 Qd7 32. a3 Qa4 33. Qc4 Qa6 34. Qxb4 Qe2 35. Rxe2 1-0

[Event "Podgorica"]
[Site "Podgorica"]
[Date "2013.01.21"]
[Round "4"]
[White "Milosevic, Dragomir"]
[Black "Markovic, Slobodan"]
[Result "0-1"]
[WhiteElo "1724"]
[BlackElo "1737"]
[PlyCount "76"]
[EventDate "2013.01.18"]
[EventType "tourn"]
[EventRounds "9"]
[EventCountry "MNE"]
[SourceTitle "EXT 2014"]
[Source "ChessBase"]
[SourceDate "2013.11.20"]
[SourceVersion "1"]
[SourceVersionDate "2013.11.20"]
[SourceQuality "1"]

1. e4 c5 2. Nf3 d6 3. d4 cxd4 4. Nxd4 Nf6 5. Nc3 a6 6. Bg5 Nbd7 7. Bc4 Qa5 8. Qd2 e6 9. 0-0 b5 10. Nb3 Qc7 11. Bd3 Bb7 12. Rae1 Be7 13. f3 Rc8 14. Rd1 Ne5 15. Ne2 Nc4 16. Bxc4 Qxc4 17. Na5 Qc7 18. Bxf6 gxf6 19. Nxb7 Qxb7 20. c3 h5 21. Qe3 h4 22. h3 Rc5 23. f4 Rg8 24. Qf3 e5 25. f5 Rc4 26. Rd5 b4 27. b3 Rc5 28. c4 Rg5 29. Qf2 Rxd5 30. cxd5 Rh5 31. Rc1 Kd7 32. Qf3 Rg5 33. Rc6 Bd8 34. Qf2 Qb5 35. Rc4 Bb6 36. Nd4 Bxd4 37. Rxd4 exd4 38. Qxd4 Qc5 0-1

[Event "Podgorica"]
[Site "Podgorica"]
[Date "2012.01.18"]
[Round "6"]
[White "Markovic, Slobodan"]
[Black "Vukcevic, Milenko"]
[Result "1-0"]
[WhiteElo "1749"]
[BlackElo "1611"]
[PlyCount "82"]
[EventDate "2012.01.14"]
[EventType "tourn"]
[EventRounds "9"]
[EventCountry "MNE"]
[SourceTitle "EXT 2014"]
[Source "ChessBase"]
[SourceDate "2013.11.20"]
[SourceVersion "1"]
[SourceVersionDate "2013.11.20"]
[SourceQuality "1"]

1. e4 d6 2. Nf3 Nf6 3. Nc3 g6 4. d4 Bg7 5. h3 0-0 6. Bc4 Nbd7 7. Be3 c6 8. Qd2 b5 9. Bd3 Qc7 10. 0-0 a5 11. a3 Bb7 12. Bh6 b4 13. Ne2 c5 14. Bxg7 Kxg7 15. dxc5 dxc5 16. c3 Nxe4 17. Bxe4 Bxe4 18. Ng5 Bc6 19. cxb4 axb4 20. axb4 Rxa1 21. Rxa1 cxb4 22. Qxb4 h6 23. Qc3+ e5 24. Rc1 Rc8 25. Nf3 f6 26. b4 Qd6 27. Qb2 Rb8 28. Qd2 Qe6 29. Ned4 exd4 30. Nxd4 Qd5 31. Rxc6 Kf7 32. b5 Rxb5 33. Rc8 Rb1+ 34. Kh2 g5 35. Qd3 f5 36. Qxb1 Qxd4 37. Qxf5+ Ke7 38. Qh7+ Ke6 39. Qxh6+ Nf6 40. Rc6+ Ke7 41. Qg7+ Kd8 1-0

[Event "Podgorica"]
[Site "Podgorica"]
[Date "2012.01.15"]
[Round "2"]
[White "Markovic, Slobodan"]
[Black "Stamatovic, Vladimir"]
[Result "0-1"]
[WhiteElo "1749"]
[BlackElo "1889"]
[PlyCount "60"]
[EventDate "2012.01.14"]
[EventType "tourn"]
[EventRounds "9"]
[EventCountry "MNE"]
[SourceTitle "EXT 2014"]
[Source "ChessBase"]
[SourceDate "2013.11.20"]
[SourceVersion "1"]
[SourceVersionDate "2013.11.20"]
[SourceQuality "1"]

1. d4 Nf6 2. Nf3 d5 3. c4 c6 4. cxd5 cxd5 5. Bf4 Nc6 6. Nc3 Bg4 7. e3 e6 8. Be2 Bb4 9. Rc1 0-0 10. 0-0 Nh5 11. Bg5 f6 12. Bh4 g5 13. Bg3 Ng7 14. h3 Bh5 15. a3 Bd6 16. Bxd6 Qxd6 17. Nb5 Qe7 18. Nh2 Bg6 19. Rc5 f5 20. f4 Rad8 21. Nf3 g4 22. hxg4 fxg4 23. Ne5 Nxe5 24. fxe5 g3 25. Rxf8+ Rxf8 26. Bf3 Qh4 27. Nd6 Nf5 28. Rc3 Qh2+ 29. Kf1 Nh4 30. Ke1 Nxf3+ 0-1